Landscape architecture at the University of Illinois.
Saved in:
| Corporate Author: | |
|---|---|
| Format: | Book |
| Language: | English |
| Published: |
Urbana, Ill.,
The University.
[1955?]
|
| Subjects: | |
| Tags: |
Add Tag
No Tags, Be the first to tag this record!
|
| LEADER | 00739nam a2200193K 4500 | ||
|---|---|---|---|
| 001 | 000000352-2 | ||
| 005 | 20020606090541.3 | ||
| 008 | 930706s1955 ilu 000 0 eng d | ||
| 035 | 0 | |a ocm79779281 | |
| 040 | |a FLL |c FLL | ||
| 110 | 1 | |a Illinois. |b University. |b Department of City Planning and Landscape Architecture. | |
| 245 | 1 | 0 | |a Landscape architecture at the University of Illinois. |
| 260 | |a Urbana, Ill., |b The University. |c [1955?] | ||
| 300 | |a [4] p. |b photos., plans. | ||
| 610 | 2 | 0 | |a University of Illinois at Urbana-Champaign. |b Department of City Planning and Landscape Architecture. |
| 650 | 0 | |a Landscape architecture |x Study and teaching |z Illinois |z Urbana. | |
| 690 | 9 | |a Landscape architecture |x S. & t. |5 des | |
| 988 | |a 20020608 | ||
| 906 | |0 MH | ||


